• 首页
  • 本馆介绍
  • 公告通知
  • 最新文献
  • 馆藏检索
  • 电子资源
  • 读者导购
  • 参考咨询
  • 我的图书馆
  • 登录
  • 详细信息显示
  • 放入我的书架
  • 预约/预借图书
  • 作者相关作品
  • 分类相关作品
  • 丛书相关作品
  • 出版社相关作品

书目信息

  • 表格格式
  • 工作单格式
  • 卡片格式
题名:
马斯洛论自我超越
    
 
作者: 马斯洛 著 ;石磊 编译
分册:  
出版信息: 北京   中国商业出版社  2016
页数: 281页
开本: 24cm
丛书名:
单 册:
中图分类: B84-067
科图分类:
主题词: 人本心理学
电子资源:
ISBN: 978-7-5044-9255-5
000 01336nam0 2200241 450
001 1651553191
005 20160804023101.0
010    @a978-7-5044-9255-5@b精装@dCNY38.00
100    @a20160713d2016 em y0chiy50 ea
101 1  @achi@ceng
102    @aCN@b110000
105    @ay z 000yy
106    @ar
200 1  @a马斯洛论自我超越@9ma si luo lun zi wo chao yue@f(美)亚伯拉罕·马斯洛著@g石磊编译
210    @a北京@c中国商业出版社@d2016
215    @a281页@d24cm
314    @a亚伯拉罕·马斯洛,美国著名社会心理学家,第三代心理学的开创者。著有《动机和人格》《存在心里学探索》等。
330    @a在这本著作中,他提出了许多精彩的理论,包括人本心理学科学观的理论、需要层次论、自我实现理论、元动机理论、心理治疗理论、高峰体验理论等。需要层次论是马斯洛心理学中影响最大的理论之一,至今仍在多个学科领域和实际工作中发挥着巨大的影响力。本书是马斯洛学说的奠基作,其主要是围绕需要层次论和自我实现论来阐述其基本观点的。动机理论是马斯洛学说的精髓。本著作中,马斯洛提出了许多精彩的理论,包括人本心理学科学观的理论、需要层次论、自我实现理论、元动机理论、心理治疗理论、高峰体验理论等。该书包含了马斯洛对人类心理学的重要发问和早期探索,它在创建一个积极和全面的关于人性的观点方面,有着巨大的影响。
606 0  @a人本心理学
690    @aB84-067@v5
701  0 @c(美)@a马斯洛@9ma si luo@4著
702  0 @a石磊@9shi lei@4编译
905    @aMUSE@dB84-067@e2
    
    马斯洛论自我超越/(美)亚伯拉罕·马斯洛著/石磊编译.-北京:中国商业出版社,2016
    281页;24cm
    
    
    ISBN 978-7-5044-9255-5(精装):CNY38.00
    在这本著作中,他提出了许多精彩的理论,包括人本心理学科学观的理论、需要层次论、自我实现理论、元动机理论、心理治疗理论、高峰体验理论等。需要层次论是马斯洛心理学中影响最大的理论之一,至今仍在多个学科领域和实际工作中发挥着巨大的影响力。本书是马斯洛学说的奠基作,其主要是围绕需要层次论和自我实现论来阐述其基本观点的。动机理论是马斯洛学说的精髓。本著作中,马斯洛提出了许多精彩的理论,包括人本心理学科学观的理论、需要层次论、自我实现理论、元动机理论、心理治疗理论、高峰体验理论等。该书包含了马斯洛对人类心理学的重要发问和早期探索,它在创建一个积极和全面的关于人性的观点方面,有着巨大的影响。
●
相关链接 在五车中查询图书 在当当中查询图书 在豆瓣中查询图书


正题名:马斯洛论自我超越     索取号:B84-067/2         预约/预借

序号 登录号 条形码 馆藏地/架位号 状态 备注
1 807466   2000807466   第二书库/ [索取号:B84-067/2] 在馆    
2 807467   2000807467   第二书库/ [索取号:B84-067/2] 在馆    
3 807468   2000807468   第二书库/ [索取号:B84-067/2] 在馆    
山东省滨州职业学院图书馆 欢迎您!
大连网信软件有限公司© 版权所有